Biblioteca

Greek and Latin authors on Jews and Judaism : (Registro nro. 67138)

Detalles MARC
000 -LÍDER
Campo fijo de descripción fija 01097nam a2200337 i 4500
001 - NÚMERO DE CONTROL
Campo de control 768714001
003 - IDENTIFICADOR DEL NÚMERO DE CONTROL
Campo de control CO-MdFUSB
005 - FECHA Y HORA DE LA ULTIMA TRANSACCIÓN
control field 20220411114722.0
007 - CAMPO FIJO DE DESCRIPCIÓN FIJA--INFORMACIÓN GENERAL
Campo fijo de descripción fija ta
008 - ELEMENTOS DE LONGITUD FIJA -- INFORMACIÓN GENERAL
Campo fijo de descripción fija -- Información general 900725t1981 is eng
020 ## - NÚMERO INTERNACIONAL NORMALIZADO PARA LIBROS
Número Internacional Normalizado del libro 9652080357
020 ## - NÚMERO INTERNACIONAL NORMALIZADO PARA LIBROS
Número Internacional Normalizado del libro 9652080373
020 ## - NÚMERO INTERNACIONAL NORMALIZADO PARA LIBROS
Número Internacional Normalizado del libro 9652080632
040 ## - FUENTE DE CATALOGACIÓN
Agencia de catalogación original SpMaBN
Idioma de catalogación spa
Agencia que realiza la transcripción CO-MdFUSB
Agencia que realiza la modificación CO-MdFUSBC
Convenciones de la descripción rda
041 ## - CÓDIGO DE IDIOMA
Código de idioma para texto/pista de sonido o título separado eng
082 ## - NÚMERO DE CLASIFICACIÓN DECIMAL DEWEY
Número de la edición del Dewey 23
Número de clasificación 296.1
Clave de autor-Numero de item G793
245 1# - TÍTULO
Título del Material Greek and Latin authors on Jews and Judaism :
Medio físico introductions, translations and commentary
Mención de responsabilidad, etc. / editado por Menahem Stern
264 #1 - PRODUCCIÓN, PUBLICACIÓN, DISTRIBUCIÓN, MANUFACTURA, Y COPYRIGHT
Lugar de producción, publicación, distribución, manufactura Jerusalem, Israel :
Nombre del productor, publicador, distribuidor Academy of Sciences and Humanities,
Fecha de producción, publicación, distribución, manufactura, o copyright [1981]
264 #4 - PRODUCCIÓN, PUBLICACIÓN, DISTRIBUCIÓN, MANUFACTURA, Y COPYRIGHT
Fecha de producción, publicación, distribución, manufactura, o copyright © 1981
300 ## - DESCRIPCIÓN FÍSICA
Extensión volumenes
Dimensiones 25 cm
336 ## - TIPO DE CONTENIDO
Fuente rdacontent
Término de tipo de contenido texto
Código de tipo de contenido tdi
337 ## - TIPO DE MEDIO
Fuente rdamedia
Nombre del tipo de medio sin mediación
Código del tipo de medio n
338 ## - TIPO DE SOPORTE
Fuente rdacarrier
Nombre del tipo de soporte volumen
Código Tipo de soporte nc
505 ## - NOTA DE CONTENIDO
Nota de contenido con formato preestablecido Voliumen I: De Herodotes a Plutarco. -- Volumen II: De Tácito a Simplicio. -- Volumen III: Apéndices e índices
563 ## - NOTA DE ENCUADERNACIÓN
Nota de encuadernación Pasta dura
650 #7 - ASIENTO SECUNDARIO DE MATERIA - TERMINO TEMÁTICO
Término temático o nombre geográfico como elemento de entrada Judíos
Subdivisión general Historia
Subdivisión de forma Fuentes
700 1# - ASIENTO SECUNDARIO - NOMBRE PERSONAL
Nombre personal Stern, Menahem
Responsabilidad edtor
942 ## - TIPO DE MATERIAL (KOHA)
Tipo de Item KOHA Libros de Referencia
945 ## - INFORMACIÓN LOCAL DEL REGISTRO
Catalogador JTF-925
Existencias
Estado de Material Estado de Perdido Forma de Clasificación Estado de Dañado No para Préstamo Colección Biblioteca de Origen Biblioteca Permanente Fecha de Adquisición Área Total de Préstamos Signatura Topográfica Código de Barras Última vez visto Ejemplar/Existencia Fecha de Remplazo Tipo de Material
    Dewey Decimal Classification     Colección de Referencia Biblioteca FUSBC Biblioteca FUSBC 10/02/2022 HISTORIA DEL CRISTIANISMO   R 296.1 G793g 21657 10/02/2022 Vol. 1, ej. 1 10/02/2022 Libros de Referencia
    Dewey Decimal Classification     Colección de Referencia Biblioteca FUSBC Biblioteca FUSBC 10/02/2022 HISTORIA DEL CRISTIANISMO   R 296.1 G793g 21658 22/03/2022 Vol. 2, ej. 1 10/02/2022 Libros de Referencia
    Dewey Decimal Classification     Colección de Referencia Biblioteca FUSBC Biblioteca FUSBC 10/02/2022 HISTORIA DEL CRISTIANISMO   R 296.1 G793g 21659 22/03/2022 Vol. 3, ej. 1 10/02/2022 Libros de Referencia

Biblioteca FUSBC | Teléfono: (57+4) 349 88 10 Ext. 141| WhatsApp (+57) 3005338115 
E-mail: biblioteca@unisbc.edu.co | Calle 76 87-14 Robledo Palenque, Medellín, Colombia

Con tecnología Koha